Gaming Quiz

Random Gaming or Country Quiz

Donkey Kong Country 2 Bosses Quiz Stats

Quiz not verified by Sporcle

Challenge
Share
Tweet
Score 0/7 Timer 01:30
0 Plays Today
% Correct
Krow
90.9%
Kleever
90.9%
Kudgel
86.4%
King Zing
86.4%
Kreepy Krow
72.7%
Kaptain K. Rool
59.1%
Kerozene
56.8%

You're not logged in!

Compare scores with friends on all Sporcle quizzes.
Sign Up with Email
OR
Log In

You Might Also Like...

Show Comments

Extras

Top Quizzes Today


Score Distribution

Your Account Isn't Verified!

In order to create a playlist on Sporcle, you need to verify the email address you used during registration. Go to your Sporcle Settings to finish the process.

Report this User

Report this user for behavior that violates our Community Guidelines.

Details: